Toulavá Země /
Deset povídek od předního představitele nové generace čínských autorů žánru sci-fi nutí k zamyšlení a zároveň je na nich patrný čínský pohled na svět a roli jednotlivce v něm, tolik odlišný od pohledu západního.
Uloženo v:
| Hlavní autor: | |
|---|---|
| Další autoři: | |
| Médium: | E-kniha |
| Jazyk: | Czech |
| Vydáno: |
Brno :
Host,
2021
|
| Vydání: | První vydání |
| Témata: | |
| Tagy: |
Žádné tagy |
| LEADER | 02585nam a2200421 i 4500 | ||
|---|---|---|---|
| 001 | 301484 | ||
| 003 | CZ PrSKC | ||
| 005 | 20260430063208.0 | ||
| 007 | ta | ||
| 008 | 211014s2021 xr g 000 j cze | ||
| 015 | |a cnb003366558 | ||
| 020 | |a 9788027507450 |q (vázáno) | ||
| 035 | |a (OCoLC)1296108086 | ||
| 040 | |a ABG001 |b cze |d ABA001 |e rda | ||
| 041 | 1 | |a cze |h chi | |
| 072 | 7 | |a 821.58 |x Sino-tibetské literatury |2 Konspekt | |
| 080 | |a 821.581-32 |2 MRF | ||
| 080 | |a (0:82-321.9) |2 MRF | ||
| 100 | 1 | |a Liu, Cixin, |d 1963- |7 xx0212744 |4 aut | |
| 245 | 1 | 0 | |a Toulavá Země / |c Liou Cch'-sin ; přeložila Hana Do |
| 250 | |a První vydání | ||
| 264 | 1 | |a Brno : |b Host, |c 2021 | |
| 300 | |a 427 stran ; |c 21 cm | ||
| 336 | |a text |b txt |2 rdacontent | ||
| 337 | |a bez média |b n |2 rdamedia | ||
| 338 | |a svazek |b nc |2 rdacarrier | ||
| 500 | |a Přeloženo z čínštiny | ||
| 520 | 2 | |a Deset povídek od předního představitele nové generace čínských autorů žánru sci-fi nutí k zamyšlení a zároveň je na nich patrný čínský pohled na svět a roli jednotlivce v něm, tolik odlišný od pohledu západního. |b Imaginativní povídková sbírka od autora bestselleru Problém tří těles. Liou Cch´-sin, nejznámější čínský autor science fiction, uchvátil svět svou rozsáhlou trilogií Vzpomínka na Zemi, avšak jeho povídková tvorba je neméně strhující a zajímavá. V těchto příbězích o sluneční smrti, mimozemských civilizacích nebo cestování časem a vesmírem najdou čtenáři podnětné meditace o technologii i umění, kontrastech rozlehlosti a mikroskopičnosti světů, ale i o nekonečném boji mezi životem a smrtí. Každá z těchto povídek jako by ve zkratce zachytila Liouovo soucitné chápání lidstva a hlubokou reflexi lidské povahy. Nakladatelská anotace. Kráceno. | |
| 655 | 7 | |a čínské povídky |7 fd133981 |2 czenas | |
| 655 | 7 | |a vědecko-fantastické povídky |7 fd133845 |2 czenas | |
| 655 | 9 | |a Chinese short stories |2 eczenas | |
| 655 | 9 | |a science fiction short stories |2 eczenas | |
| 700 | 1 | |a Do, Hana, |d 1990- |7 hka2018977380 |4 trl | |
| 900 | |a ABA001 |b 19 | ||
| 044 | |a xr | ||
| 910 | |a RBIT002 | ||
| 998 | |d 349569 |a https://core.palmknihy.cz/api/books/349569/cover?r93nc0 |b https://core.palmknihy.cz/api/books/349569/cover/400?r93nc0 |c https://core.palmknihy.cz/api/books/349569/cover/50?r93nc0 |e 2030-06-11 |g 431 |i 9788027507450 |j https://core.palmknihy.cz/api/books/349569/preview.epub |k https://core.palmknihy.cz/api/books/349569/preview.pdf |l |q 49 |r 1 |s https://www.palmknihy.cz/kniha/349569 |t ebook |y 2021 |z 0 | ||
| 999 | |d 301482 | ||